| 000 | 01430cam a22003134a 4500 | ||
|---|---|---|---|
| 999 |
_c330157 _d330157 |
||
| 001 | 13907873 | ||
| 003 | NUST | ||
| 005 | 20170612110902.0 | ||
| 008 | 050322s2006 njua b 001 0 eng | ||
| 010 | _a 2005008313 | ||
| 020 | _a9780471722397 (alk. paper) | ||
| 020 | _a0471722391 (alk. paper) | ||
| 040 |
_aDLC _cDLC _dDLC |
||
| 042 | _apcc | ||
| 050 | 0 | 0 |
_aQH308.2 _b.V33 2006 |
| 082 | 0 | 0 |
_a570 VAC _222 |
| 100 | 1 |
_aVaccari, David A., _d1953- _92430 |
|
| 245 | 1 | 0 |
_aEnvironmental biology for engineers and scientists / _cDavid A. Vaccari, Peter F. Strom, James E. Alleman. |
| 260 |
_aHoboken, N.J. : _bWiley-Interscience, _cc2006. |
||
| 300 |
_axxi, 931 p. : _bill. ; _c26 cm. |
||
| 500 | _aH.B | ||
| 504 | _aIncludes bibliographical references. | ||
| 650 | 0 |
_aBiology _vTextbooks. _92431 |
|
| 700 | 1 |
_aStrom, Peter F. _92432 |
|
| 700 | 1 |
_aAlleman, James E. _92433 |
|
| 856 | 4 | 2 |
_3Contributor biographical information _uhttp://www.loc.gov/catdir/enhancements/fy0622/2005008313-b.html |
| 856 | 4 | 2 |
_3Publisher description _uhttp://www.loc.gov/catdir/enhancements/fy0622/2005008313-d.html |
| 856 | 4 | 1 |
_3Table of contents only _uhttp://www.loc.gov/catdir/enhancements/fy0653/2005008313-t.html |
| 906 |
_a7 _bcbc _corignew _d1 _eecip _f20 _gy-gencatlg |
||
| 942 |
_2ddc _cBK _k570 VAC |
||